| 000 | 00816nam a2200265 i 4500 | ||
|---|---|---|---|
| 003 | DO-SdBNP | ||
| 005 | 20240529105718.0 | ||
| 007 | ta | ||
| 008 | 240529s2016 dr o 000 0 spa d | ||
| 020 | _a9789945087109 | ||
| 040 |
_aDO-SdBNP _bspa _cBNPHU _erda |
||
| 082 |
_bN964 _222 |
||
| 100 | 1 |
_aNúñez, Alejandro _911765 _efotógrafo |
|
| 245 | 1 | 3 |
_aMi ciudad Colonial / _cAlejandro Núñez : textos Minerva Del Risco |
| 264 | 1 |
_aSanto Domingo : _bSerigraf, _c2016. |
|
| 300 |
_a405 páginas, _bfotografías _c24 cm. |
||
| 336 |
_2rdacontent _atexto _btxt |
||
| 337 |
_2rdamedia _asin mediación _bn |
||
| 338 |
_2rdacarrier _avolumen _bnc |
||
| 500 | _aLibro de pasta dura. | ||
| 590 | _aInventariado, 2024/ YL | ||
| 700 | 1 |
_aDel Risco, Minerva _etextos _985579 |
|
| 910 | _aYLockward | ||
| 942 |
_2ddc _cLBS1 |
||
| 999 |
_c56770 _d56770 |
||